| 000 | 01223cam a2200385 a 4500 | ||
|---|---|---|---|
| 001 | 22556 | ||
| 003 | SK-KTurca | ||
| 005 | 20260401095813.0 | ||
| 008 | 240315s2010 xo g 000 f slo | ||
| 015 | _aSNBA2011/07-03721 | ||
| 020 |
_a9788089482146 _q(viaz.) |
||
| 035 | _a1953AA85-85D3-4280-AE01-B673C231F0F3 | ||
| 035 | _aurn:nbn:sk:snk-amjgbn | ||
| 035 | _aurn:nbn:sk:snk-am001s93 | ||
| 040 |
_aPPPK _bslo _cPPPK _dSNK _eAACR2 |
||
| 041 | 1 |
_aslo _hger |
|
| 044 |
_axo _cSK |
||
| 072 | 7 |
_a821.112.2-3 _xNemecká próza, nemecky písaná _2konspekt |
|
| 080 |
_a821.112.2-31 _22001 |
||
| 080 |
_a(0:82-311.6) _22001 |
||
| 100 | 1 |
_aStephan, Rebecca _4aut |
|
| 240 | 1 | 0 |
_aZwei halbe Leben _lSlovensky |
| 245 | 1 | 0 |
_aDva polovičné životy _cRebecca Stephan ; [z nemeckého originálu preložila Erika Ridziová] |
| 250 | _a1. vyd. | ||
| 260 |
_a[Bratislava] _bMotýľ _c2010 |
||
| 300 |
_a224 s. _c21 cm |
||
| 500 | _aRebeca Stephan je pseudonym Steffi von Wolff | ||
| 655 | 7 |
_anemecké romány _2SNKPH |
|
| 655 | 7 |
_avojnové romány _2SNKPH |
|
| 655 | 7 |
_aGerman fiction _2SNKPHeng |
|
| 655 | 7 |
_aWar novels _2SNKPHeng |
|
| 700 | 1 |
_aRidziová, Erika _4trl |
|
| 942 |
_2ddc _cKLDO _n0 |
||
| 980 | _a821.112.2-31 | ||
| 999 |
_c22556 _d22556 |
||